Enhancing Sustainability: Evaluating the Deposit Return System for PET Bottles and Aluminium Cans in Slovakia - Insights from Retail Chain Employees and a Food Wholesaler Owner

Zhodnotenie zálohového systému na PET fľaše a hliníkové plechovky na Slovensku zamestnancami maloobchodných reťazcov a majiteľom veľkoobchodu s potravinami. V prieskume bola použitá metóda štruktúrovaného rozhovoru s vyššie uvedenými zamestnancami. Prieskum odhalil, že zamestnanci vnímajú časté zase...

Ausführliche Beschreibung

Gespeichert in:
Bibliographische Detailangaben
1. Verfasser: Jarossová, Malgorzata Agnieszka, 1978-
Weitere Verfasser: Kosanić, Lenka, Gubíniová, Katarína
Format: Buchkapitel
Sprache:Englisch
Schlagworte:
Tags: Tag hinzufügen
Keine Tags, Fügen Sie das erste Tag hinzu!

MARC

LEADER 00000naa$a2200000$$$4500
001 0298693
005 20240502074531.2
041 0 |a eng 
044 |a SK 
245 1 0 |a Enhancing Sustainability: Evaluating the Deposit Return System for PET Bottles and Aluminium Cans in Slovakia - Insights from Retail Chain Employees and a Food Wholesaler Owner  |c Malgorzata Agnieszka Jarossová, Lenka Kosanić, Katarína Gubíniová 
520 |a Zhodnotenie zálohového systému na PET fľaše a hliníkové plechovky na Slovensku zamestnancami maloobchodných reťazcov a majiteľom veľkoobchodu s potravinami. V prieskume bola použitá metóda štruktúrovaného rozhovoru s vyššie uvedenými zamestnancami. Prieskum odhalil, že zamestnanci vnímajú časté zasekávanie, čistenie, resp. prevádzkové problémy ako hlavné problémy zálohových systémov v maloobchodných reťazcoch. Tieto problémy si vyžadujú dodatočnú prácu zamestnancov, keďže spoločnosti nenajímajú nikoho na údržbu týchto automatov. Majiteľ veľkoobchodu s potravinami vyjadril obavy zavedenia zálohového systému z dôvodu vysokých poplatkov spojených s nákupom zálohových automatov a navyše spomenul nedostatočnú finančnú podporu od vlády. Zákazníci zase používajú rôzne metódy na obchádzanie pravidiel, napríklad viacnásobné skenovanie kódu. 
610 2 0 |a systémy zálohové 
610 2 0 |a plasty 
610 2 0 |a udržateľnosť 
610 2 0 |a maloobchod 
610 2 0 |a veľkoobchod 
610 2 0 |a potraviny 
610 2 0 |a zamestnanci 
610 2 0 |a zákazníci 
610 2 0 |a vlastníci 
610 2 0 |a prieskum 
610 2 0 |a Slovensko 
100 1 |a Jarossová, Malgorzata Agnieszka, 1978- 
700 1 |a Kosanić, Lenka 
700 1 |a Gubíniová, Katarína